00914 a2200181 45000010006000000050017000060080041000230030015000640400040000790800118001192450039002372500010002762640033002863000019003195050274003381000024006128560096006362238120260407155514.0260407a1981 arg spa dAR-UNSa-BCEJYS aAR-UNSa-BCEJYSbspacAR-UNSa-BCEJYS a658.012.261xSuceso-nodo-red. Orientación al suceso. PERT (Técnica de Revisión y Evaluación de Proyectos)10aPERT-CPM y técnicas relacionadas a5a.ed 1aBuenos Aires :bAstreac1981 a213 p.c22 cm. a1. Generalidades - 2. Aplicación de probabilidades al Graphe - 3. Otras aplicaciones del camino crítico - 4. Método Pert generalizado - 5. Programación con recursos limitados - 6. Programación con recursos limitados y su balanceamiento (Ramps) - 7. Pert-costo1 aMunier, Nolberto J.41uhttps://biblioeco.unsa.edu.ar/pmb/images/libros/PERT-CPM.jpgyImagen de portadaqimage/jpeg